Protocolo para el monitoreo y seguimiento del agua / (Registro nro. 6776)

Detalles MARC
000 -CABECERA
Campo de control 01335nam a2200325 a 4500
005 - FECHA Y HORA DE LA ULTIMA TRANSACCION
Campo de control 20170922165640.0
008 - ELEMENTOS DE LONGITUD FIJA—INFORMACION GENERAL
Campo de control 170922s2007 ck ad|||r|||| 00| 0 spa d
020 ## - ISBN
ISBN 9789588067230
040 ## - FUENTE DE CATALOGACIÓN
Agencia catalogadora original CO-BoIAVH
Agencia transcriptora CO-BoIAVH
041 0# - IDIOMA
Código de idioma para texto/pista de sonido o título separado Español
044 ## - PAÍS DE PUBLICACIÓN
País de publicación Colombia
082 04 - NUMERO DE CLASIFICACION DECIMAL DEWEY
Número de clasificación 333.9117
Número del ítem C82p
100 1# - ASIENTO PRINCIPAL--NOMBRE PERSONAL
Nombre personal Costa Posada, Carlos
Término relacionado autor
9 (RLIN) 47322
245 10 - MENCION DE TITULO
Título Protocolo para el monitoreo y seguimiento del agua /
260 ## - PUBLICACION, DISTRIBUCION, ETC. (PIE DE IMPRENTA)
Lugar de publicación, distribución, etc. Bogotá (Colombia) :
Nombre del editor, distribuidor, etc. IDEAM,
Fecha de publicación, distribución, etc. 2007.
300 ## - DESCRIPCION FISICA
Extensión 160 páginas :
Otros detalles físicos ilustraciones a color, gráficas y tablas ;
Dimensiones 28 x 21 cm.
504 ## - NOTA DE BIBLIOGRAFIA, ETC.
Nota de bibliografía Incluye referencias bibliográficas.
650 26 - ASIENTO SECUNDARIO DE MATERIA - TERMINO TEMATICO
Término temático o nombre geográfico como elemento de entrada Recursos hídricos
Subdivisión general monitoreo
-- sedimentos
Subdivisión de forma Protocolos
Subdivisión geográfica Colombia
9 (RLIN) 84760
650 26 - ASIENTO SECUNDARIO DE MATERIA - TERMINO TEMATICO
Término temático o nombre geográfico como elemento de entrada Recursos hídricos
Subdivisión general monitoreo
-- sedimentos
Subdivisión de forma Protocolos
Subdivisión geográfica Colombia
9 (RLIN) 84760
650 24 - ASIENTO SECUNDARIO DE MATERIA - TERMINO TEMATICO
Término temático o nombre geográfico como elemento de entrada Aguas superficiales
Subdivisión geográfica Colombia
9 (RLIN) 84761
650 26 - ASIENTO SECUNDARIO DE MATERIA - TERMINO TEMATICO
Término temático o nombre geográfico como elemento de entrada Cuencas hidrográficas
Subdivisión general fisiografía
Subdivisión geográfica Colombia
9 (RLIN) 84762
700 1# - ASIENTO SECUNDARIO - NOMBRE PERSONAL
Nombre personal Rivera, Hebert Gonzalo
Fechas asociadas con el nombre 1970-
Término de relación autor
9 (RLIN) 84763
700 1# - ASIENTO SECUNDARIO - NOMBRE PERSONAL
Nombre personal Romero Pinzón, Henry
Término de relación autor
9 (RLIN) 84755
700 1# - ASIENTO SECUNDARIO - NOMBRE PERSONAL
Nombre personal Olaya Triana, Guillermo
Término de relación autor
9 (RLIN) 84764
700 1# - ASIENTO SECUNDARIO - NOMBRE PERSONAL
Nombre personal Wilches Suárez, Hernando
Término de relación autor
9 (RLIN) 84758
700 1# - ASIENTO SECUNDARIO - NOMBRE PERSONAL
Nombre personal Contreras Trujillo, Claudia
Término de relación autor
9 (RLIN) 84759
700 1# - ASIENTO SECUNDARIO - NOMBRE PERSONAL
Nombre personal Niño Romero, Raul
Término de relación autor
9 (RLIN) 2821
710 2# - ASIENTO SECUNDARIO - NOMBRE CORPORATIVO
Nombre corporativo o de jurisdicción como elemento de entrada Instituto de Hidrología, Metereología y Estudios Ambientales, IDEAM
9 (RLIN) 82917
942 ## - ELEMENTOS ADICIONALES (KOHA)
Sistema de clasificación Dewey Decimal Classification
Tipo de ítem Libro
Existencias
Withdrawn status Lost status Sistema de Clasificación Damaged status No para préstamo Colección Inventariado Ubicación Permanente Ubicación actual Fecha de adquisición Fuente de Valor Valor Total Checkouts Número topográfico Inventario / Código de Barras Date last seen Ejemplar Price effective from Forma de adquisición Tipo de material
    Dewey Decimal Classification     General Inventariado 2017 Bogotá Bogotá 22/09/2017 Instituto 39000.00   LB-333.9117 C82p 041679 22/09/2017 Ej. 1 22/09/2017 Donación Libro
    Dewey Decimal Classification     General Inventariado 2017 Sala Fabio Quevedo Sala Fabio Quevedo 30/04/200 Instituto 39000.00   LB-333.9117 C82p 026956 04/12/2012 Ej. 2 04/12/2012 Donación Libro